00589nam a22001937a 450000500170000001000150001702000260003203500140005803700090007208200130008110000240009424500820011825000060020026000420020627000740024830000240032250000190034670000300036520241203163353.0 aENG-142788 a9789364441995c650.00 aEN-126320 bDBAD a621.821 aKrishnasamy, Anand  aAlternative Fuels for IC Engines/cby Anand Krishnasamy [and] Saurabh K Gupta a1 aChennaibMc Graw Hill Educationc2024 aAnjana Complex No. 5/90A, Butt Road, St Thomas MountbChennaie600116 axiv,194p.c24cm(pb) aIncludes index aGupta, Saurabh K eAuthor